LEADER 01720nam 2200409 n 450 001 996396294503316 005 20221108040803.0 035 $a(CKB)4330000000330887 035 $a(EEBO)2240878707 035 $a(UnM)99852434 035 $a(EXLCZ)994330000000330887 100 $a19920430d1620 uy | 101 0 $aeng 135 $aurbn||||a|bb| 200 12$aA treatise deuided into three parts, touching the inconueniences, that the importation of tobacco out of Spaine, hath brought into this land$b[electronic resource] $eviz. 1 In the first is shewed how treasure was vsually brought into this land. 2 In the second, what hath and doth hinder the bringing of it, with other inconueniences. 3 In the third, how to remedie the one, and the other 210 $a[London $c[For John Budge$d1620]] 215 $a[8] p 300 $aCaption title. 300 $aSigned at end: Ed: Bennett. 300 $aPublisher's name and publication date from STC. 300 $aOn the 2nd page the last line ends: Kingdome if that were not. 300 $aConsists of 4 leaves, the first of which is signed a2. 300 $aSignatures: [a]?. 300 $aReproduction of the original in the Cambridge University Library. 330 $aeebo-0021 606 $aTobacco$zGreat Britain$vEarly works to 1800 615 0$aTobacco 700 $aBennett$b Edward$0324371 801 0$bCu-RivES 801 1$bCu-RivES 801 2$bUk-ES 801 2$bCStRLIN 801 2$bWaOLN 906 $aBOOK 912 $a996396294503316 996 $aA treatise deuided into three parts, touching the inconueniences, that the importation of tobacco out of Spaine, hath brought into this land$92356857 997 $aUNISA